Guess the Language - Statistics

General Stats
  • This quiz has been taken 165 times
  • The average score is 24 of 34
Answer Stats
Text Language % Correct
For each text, select the language it is written in. English
99%
对于每个文本,选择它所用的语言。 Mandarin
95%
テキストごとに、それが書かれている言語を選択します。 Japanese
93%
각 텍스트에 대해 작성된 언어를 선택하십시오. Korean
92%
Pour chaque texte, sélectionnez la langue dans laquelle il est écrit. French
91%
Wählen Sie für jeden Text die Sprache aus, in der er geschrieben ist. German
90%
Για κάθε κείμενο, επιλέξτε τη γλώσσα στην οποία είναι γραμμένη. Greek
90%
لكل نص ، حدد اللغة المكتوبة به. Arabic
85%
Для каждого текста выберите язык, на котором он написан. Russian
83%
Para cada texto, selecione o idioma em que está escrito. Portuguese
82%
Dla każdego tekstu wybierz język, w którym jest napisany. Polish
81%
Para cada texto, seleccione el idioma en el que está escrito. Spanish
81%
עבור כל טקסט, בחר את השפה שבה הוא כתוב. Hebrew
80%
प्रत्येक पाठ के लिए, उस भाषा का चयन करें जिसमें वह लिखा गया है। Hindi
80%
Đối với mỗi văn bản, hãy chọn ngôn ngữ được viết. Vietnamese
79%
Quia per illud, actionem selige quam scriptum est enim in lingua. Latin
73%
Her metin için yazıldığı dili seçin. Turkish
71%
Selecteer voor elke tekst de taal waarin deze is geschreven. Dutch
70%
สำหรับแต่ละข้อความ ให้เลือกภาษาที่ใช้เขียน Thai
70%
Veldu tungumálið fyrir hvern texta sem hann er skrifaður á. Icelandic
69%
Per ogni testo, seleziona la lingua in cui è scritto. Italian
68%
Välj varje språk för varje text. Swedish
68%
Untuk setiap teks, pilih bahasa yang digunakan untuk menulis. Indonesian
59%
თითოეული ტექსტისთვის შეარჩიეთ ენა, რომელშიც ის არის დაწერილი. Georgian
58%
No kēlā me kēia huaʻōlelo, koho i ka ʻōlelo i kākau ʻia i loko. Hawaiian
58%
ለእያንዳንዱ ጽሑፍ የተጻፈበትን ቋንቋ ይምረጡ። Amharic
57%
Յուրաքանչյուր տեքստի համար ընտրեք այն լեզուն, որով այն գրված է: Armenian
56%
Valitse kullekin tekstille kieli, jolla se on kirjoitettu. Finnish
56%
ஒவ்வொரு உரைக்கும், அது எழுதப்பட்ட மொழியைத் தேர்ந்தெடுக்கவும். Tamil
54%
Ar gyfer pob testun, dewiswch yr iaith y mae wedi'i hysgrifennu ynddi. Welsh
48%
စာတစ်ခုစီအတွက်ရေးထားသောဘာသာစကားကိုရွေးပါ။ Burmese
47%
Kwa kila maandishi, chagua lugha ambayo imeandikwa. Swahili
42%
Mo ia tuhinga, kowhiria te reo kua tuhia. Māori
36%
Por ĉiu teksto, elektu la lingvon, en kiu ĝi estas skribita. Esperanto
32%
No matching quizzes found
Score Distribution
Percent of People with Each Score
Percentile by Number Answered
Your Score History
You have not taken this quiz